000 00453nam a2200157Ia 4500
008 230917s9999||||xx |||||||||||||| ||und||
040 _e142653
_aMAIN
041 _aEnglish
082 _a030.954 I2I(2010)
100 _aIndia, Ministry of Information & Broadcasting
245 0 _aIndia 2010: A reference annual
250 _a54th ed.
260 _aNew Delhi
_bIndia, Ministry of Information & Broadcasting
_c2010
300 _a1286 p.
942 _cBK
999 _c154469
_d154469